000 00252 a2200109 4500
001 50742
040 _cAnchieta - Pituba
240 1 0 _aKeine Panik!
_l
245 1 0 _aKeine Panik!
650 4 _aLínguas germânicas (teutônicas) língua alemã
942 _cMU
999 _c50742
_d50742